LEADER 01186nam--2200409---450- 001 990000429950203316 005 20051116180837.0 010 $a88-1020590-1 035 $a0042995 035 $aUSA010042995 035 $a(ALEPH)000042995USA01 035 $a0042995 100 $a20010507d1998----km-y0itay0103----ba 101 $aita 102 $aIt 105 $a||||||||001yy 200 1 $aBollario dell'anno santo$edocumenti di indizione dal Giubileo del 1300$fa cura di Erminio Lora 205 $aed. bilingue 210 $aBologna$cDehoniane$d1998 215 $aLXII, 1659, 47 p.$d18 cm 225 2 $aStrumenti 410 $12001$aStrumenti 461 1$1001-------$12001 606 0 $aGiubilei$xStoria$xDocumenti 676 $a263.97 700 1$aLORA,$bErminio$0544867 801 0$aIT$bsalbc$gISBD 912 $a990000429950203316 951 $aII.2. 3906(XIV 899)$b143355 LM$cXIV 959 $aBK 969 $aUMA 979 $aPATTY$b90$c20010507$lUSA01$h1213 979 $c20020403$lUSA01$h1651 979 $aPATRY$b90$c20040406$lUSA01$h1630 979 $aCOPAT6$b90$c20051116$lUSA01$h1808 996 $aBollario dell'anno santo$9873813 997 $aUNISA LEADER 01146nam0-2200373li-450 001 990000243510203316 005 20180312154639.0 010 $a0-12-040821-X 035 $a0024351 035 $aUSA010024351 035 $a(ALEPH)000024351USA01 035 $a0024351 100 $a200199505229--------y0itay0103----ba 101 0 $aeng 102 $aUS 200 1 $aAnnual reports in organic synthesis - 1991$fedited by Philip M. Weintraub 210 $aSan Diego [etc.]$cAcademic Press,1991 215 $aXV, 465 p.$cill.$d23 cm 610 1 $achimica organica$asintesi 610 1 $acomposti organici 676 $a5472$9. 702 1$aWeintraub,$bPhilip M. 801 $aSistema bibliotecario di Ateneo dell' Università di Salerno$gRICA 912 $a990000243510203316 951 $a547.2 ANN$b17266/CBS$c547.2$d00325558 959 $aBK 969 $aSCI 979 $c19950522 979 $c20001110$lUSA01$h1715 979 $c20020403$lUSA01$h1632 979 $aPATRY$b90$c20040406$lUSA01$h1617 979 $aRSIAV6$b90$c20090731$lUSA01$h1223 996 $aAnnual reports in organic synthesis - 1991$91489510 997 $aUNISA